000 00192 a2200097 4500
001 8184
100 _aHuxley, A
245 _aAfter Many summer
260 _a
_bChatto
_c
090 _c6572
_d6572
942 _aNUST-CAE
_cM
_c33125
999 _c243257
_d243257